Review of United Kingdom trade 1938, 1947, 1950-54 (Record no. 497871)

000 -LEADER
fixed length control field 00365cam a22001097a 4500
008 - FIXED-LENGTH DATA ELEMENTS--GENERAL INFORMATION
fixed length control field 180718b xxu||||| |||| 00| 0 eng d
082 ## - DEWEY DECIMAL CLASSIFICATION NUMBER
Classification number T39x42
245 ## - TITLE STATEMENT
Title Review of United Kingdom trade 1938, 1947, 1950-54
Statement of responsibility, etc. by British Informaiton Services, India
260 ## - PUBLICATION, DISTRIBUTION, ETC.
Place of publication, distribution, etc. New Delhi
Name of publisher, distributor, etc. British Informaiton Services
Date of publication, distribution, etc.
300 ## - PHYSICAL DESCRIPTION
Extent 34p
700 ## - ADDED ENTRY--PERSONAL NAME
Personal name India. British Informaiton Services
Holdings
Withdrawn status Lost status Damaged status Not for loan Permanent Location Current Location Date acquired Full call number Barcode Date last seen Price effective from Koha item type
        Indian Institute of Public Administration Indian Institute of Public Administration 2018-08-04 T39x42 GG31668 2018-08-04 2018-08-04 GG

Powered by Koha